000 00475nam a2200181Ia 4500
001 19312
005 20260306172644.0
008 260306t2015||||xx |||||||||||||| ||spa||
041 _aESP
082 _a658.83
_bR75
100 _aRodríguez Matías, María José
_eAUT
245 0 _aEtnografía aplicada a la investigación comercial y al marketing
260 _c2015
300 _a50 páginas :
_c30 cm.
650 _aGEN
654 _aCAN
942 _cLIB
_dJUS
_fJUS
_2ddc
_n
999 _c19312
_d19312